01419nam a2200301 a 4500001000200000003000900002005001700011008002800028020001900056040002600075082002900101100004400130245011100174260004800285300002800333490002400361500004600385500000600431520019700437521006400634586012100698586006200819600006600881650003800947650004800985650004101033700004301074 DO-SdBNP20240809095105.0100824s2014 ch 000 0 spa d a97895682097810 aDO-SdBNPbspacBPMSU  4aCh861.4bM678ce 20142221 aMistral, Gabriela,d1889-1957 eautora.13aLa cenicienta / cCharles Perrault ; adaptación Gabriela Mistral ;ilustraciones de Bernardita Ojeda. b  aSantiago, Chile :bEditorial Amanuta,c2014 a31 p. :bils. ;c27 cm.0 aPoesía ilustrada  aIncluye datos biográficos de la autora  a  a Interesada en la literatura infantil, Gabriela Mistral escribe La Cenicienta basada en el cuento de Charles Perrault. La autora respeta los originales, sin dulcificar ni cambiar los finales.  aRecomendado para niños a partir de los 5 años de edad.  aPremio ''Libro más Bello'' 2014, Comisión Alemana para la UNESCO y Fundación Alemana de las Artes Gráficas.  aPremio a la Edición, Municipalidad de Santiago, 2013. 14aPerrault, Charles,d1628-1703.tLa cenicienta vAdaptaciones  4aLiteratura infantil chilenay x  4aCuentos infantiles populares vAdaptaciones 4aPoesías infantiles chilenas y v 1 aOjeda, Bernardita, eilustradora. d